Statistics for William Shakespeare's Henriad Franchise

Click here to take the quiz!

General Stats

  • This quiz has been taken 7 times
  • The average score is 11 of 18

Answer Stats

TypeYearNameInfo% Correct
Film1989Henry VThe Samuel Goldwyn Company / Curzon Film Distributors
100%
Play1599Henry VWilliam Shakespeare
100%
TV Film2012Henry VBBC Two
100%
Film1944Henry VEagle-Lion Films
100%
Play1597Henry IV, Part 1William Shakespeare
86%
Play1599Henry IV, Part 2William Shakespeare
86%
TV Film2012Henry IV, Part IBBC Two
86%
TV Film2012Henry IV, Part IIBBC Two
86%
TV Film2012Richard IIBBC Two
57%
Film2001Richard the SecondFarrellmedia Inc.
57%
TV Play1960The Life and Death of King Richard IIABC
57%
Play1595The Life and Death of King Richard the SecondWilliam Shakespeare
57%
TV Mini-Series1960An Age of KingsBBC
29%
Film2019The KingNetflix
29%
Opera1925At the Boar's HeadGustav Holst
14%
Film1966Chimes at MidnightPeppercorn-Wormser Film Enterprises
14%
Play1760Falstaff's WeddingWilliam Kenrick
14%
Orchestral Work1913Falstaff - Symphonic StudyEdward Elgar
14%

Score Distribution

Percentile by Number Answered

Percent of People with Each Score

Your Score History

You have not taken this quiz